Karen Blixen (Registro nro. 19013)

Detalles MARC
000 -LEADER
campo de control de longitud fija 00790nam a2200253 i 4500
001 - NÚMERO DE CONTROL
campo de control 19013
003 - IDENTIFICADOR DE NÚMERO DE CONTROL
campo de control ES-MaACL
005 - FECHA Y HORA DE LA ÚLTIMA TRANSACCIÓN
campo de control 20260518181500.0
007 - CAMPO FIJO DE DESCRIPCIÓN FÍSICA--INFORMACIÓN GENERAL
campo de control de longitud fija t|
008 - DATOS DE LONGITUD FIJA--INFORMACIÓN GENERAL
campo de control de longitud fija 020426s2001 sp ||||1| spa d
020 ## - NÚMERO INTERNACIONAL ESTÁNDAR DEL LIBRO
Número Internacional Estándar del Libro 84-595-0680-6
080 ## - NÚMERO DE LA CLASIFICACIÓN DECIMAL UNIVERSAL
Número de la Clasificación Decimal Universal 929 Dinesen, Isak
100 1# - ENTRADA PRINCIPAL--NOMBRE DE PERSONA
Nombre de persona Wivel, Ole.
9 (RLIN) 117199
245 10 - MENCIÓN DEL TÍTULO
Título Karen Blixen
Resto del título : una biografía /
Mención de responsabilidad, etc. Ole Wivel ; traducción de Ana Sofía Pascual.
250 ## - MENCION DE EDICION
Mención de edición 1ª ed.
260 ## - PUBLICACIÓN, DISTRIBUCIÓN, ETC.
Lugar de publicación, distribución, etc. Barcelona :
Nombre del editor, distribuidor, etc. Ediciones del Bronce,
Fecha de publicación, distribución, etc. 2001.
300 ## - DESCRIPCIÓN FÍSICA
Extensión 227 p., [8] p. de lám. ;
Dimensiones 22 cm.
490 1# - MENCIÓN DE SERIE
Mención de serie Textos del bronce ;
Designación de volumen o secuencia 32
600 14 - PUNTO DE ACCESO ADICIONAL DE MATERIA--NOMBRE DE PERSONA
Nombre de persona Blixen, Karen,
Fechas asociadas al nombre 1885-1962
9 (RLIN) 44835
700 0# - ENTRADA AGREGADA--NOMBRE PERSONAL
Nombre de persona Pascual Pape, Ana Sofía
9 (RLIN) 89392
830 0# - PUNTO DE ACCESO ADICIONAL DE SERIE-TÍTULO UNIFORME
Título uniforme Textos del bronce ;
Designación de volumen o secuencia 32
9 (RLIN) 183058
852 ## - LOCALIZACIÓN
Ubicación ES-MaACL
Número de control de estantería L-25496
Sublocalización o colección R.131331
Existencias
Estatus retirado Estado de pérdida Estado de daño No para préstamo Biblioteca de origen Biblioteca actual Ubicación en estantería Fecha de adquisición Fuente de adquisición Total de préstamos Signatura topográfica completa Código de barras Visto por última vez Precio de reemplazo Tipo de ítem Koha
        Biblioteca del Ateneo de Madrid Biblioteca del Ateneo de Madrid Depósito 2 17/01/2008     L-25496 1019452 23/02/2023 23/02/2023 Libro impreso